Govt. of
Madhya Pradesh

Nikola Tesla (Record no. 66533)

MARC details
000 -LEADER
fixed length control field 00285nam a22001097a 4500
082 ## - DEWEY DECIMAL CLASSIFICATION NUMBER
Classification number 920/WAS
100 ## - MAIN ENTRY--AUTHOR NAME
Personal name Wasik, John F.
245 ## - TITLE STATEMENT
Title Nikola Tesla
Sub Title Timeless Lessons From His Life and Work
260 ## - PUBLICATION, DISTRIBUTION, ETC. (IMPRINT)
Place of publication Mumbai
Name of publisher Jaico Publishing House
Year of publication 2023
650 ## - SUBJECT ADDED ENTRY--TOPICAL TERM
Topical Term Biography
942 ## - ADDED ENTRY ELEMENTS (KOHA)
Koha item type Books
Holdings
Withdrawn status Lost status Damaged status Not for loan Home library Current library Date acquired Cost, normal purchase price Full call number Accession Number Price effective from Koha item type
        MACL MACL 30/12/2023 399.00 920/WAS DPI001773 30/12/2023 Books